000 00308nam a2200121Ia 4500
008 240624s9999 xx 000 0 und d
041 _aeng
082 _a793.73 RAG
100 _aRAGHVENDRA M K
245 _a50 INDIAN FILM CLASSICS
260 _c2009
_aNew Delhi
_bHarper Collins Publishers
365 _cRS
_b20
999 _c15372
_d15372